| 000 | 00941nam a22002297a 4500 | ||
|---|---|---|---|
| 999 |
_c18641 _d18641 |
||
| 003 | AR-CdUCM | ||
| 008 | 190514b ||||| |||| 00| 0 spa d | ||
| 020 | _a968-816-095-4 | ||
| 040 |
_aMUNICIPALIDAD PROVINCIAL DEL CUSCO _cBIBLIOTECA MUNICIPAL DEL CUSCO |
||
| 082 |
_a770 / _bC91 |
||
| 110 |
_aDepartamento del distrito federal _912486 |
||
| 245 | _aCrónica gráfica de la ciudad de México en el centenario de la independencia / | ||
| 260 |
_aMéxico : _bSecretaria general de desarrollo social, _c1988. |
||
| 300 |
_a64 páginas ; _bIlustraciones, _c22 cm. |
||
| 440 |
_aColección distrito federal ; _n20 _939352 |
||
| 505 | _aContenido: Vista panorámica de la ciudad de México -- Catedral de México -- Puerta del sagrario -- Avenida San Francisco -- Edificio de correo... | ||
| 650 |
_aHistoria _9136 |
||
| 650 |
_aCiudad de México _939306 |
||
| 650 |
_aFotografías _913109 |
||
| 942 |
_2ddc _cLIBROS |
||
| 945 |
_aacv _d2019-05-14 |
||